000 01309cas a2200385 a 4500
001 10465
003 BD-RjUL
005 20211208234946.0
008 230114d19501950nyu x 0 a0eng
035 _a(OCoLC)ocm01755271
040 _aDLC
_cMnMULS
_dNSDP
_dInU
_dDLC
_dOCoLC
_dMH
_dNST
_dInU
_dDNLM
_dNLGGC
_dDLC
_dOCoLC
_dDNAL
_dOCoLC
_beng
041 _aeng
060 0 0 _aW1
_bAD544
070 0 _a386
_bK852
072 0 _aX500
082 4 _a541.3452
_bADV 1950
245 0 0 _aAdvances in colloid science /
246 1 2 _aScientific progress in the field of rubber and synthetic elastomers
260 _aNew York :
_bInterscience Publishers,
_c1950.
300 _a3 v. :xi,384 p.:
_bill. ;
_c24 cm.
500 _aFinal issue consulted.
500 _aEditors: 1942, E. O. Kraemer, F. E. Bartell, S. S. Kistler; 1946- H. Mark, G. S. Whitby.
650 0 _aColloids.
_929529
650 0 _aRubber.
_932332
650 2 _aColloids
_vPeriodicals.
_932333
650 1 7 _aColloïdchemie.
_2gtt
_932334
700 1 _aKraemer, Elmer Otto,
_d1898-1943,
_eed.
_932335
700 1 _aMark, H. F.
_q(Herman Francis),
_d1895-1992,
_eed.
_932336
936 _aUnknown
_av. 3 (surrogate)
942 _2ddc
_cBK
999 _c10465
_d10465